LEADER 01138nam0-22003011i-450- 001 990001863840403321 005 20041116150451.0 035 $a000186384 035 $aFED01000186384 035 $a(Aleph)000186384FED01 035 $a000186384 100 $a20030910d1964----km-y0itay50------ba 101 0 $aita 200 1 $aContributo allo studio dell'influenza esercitata dall'aldeide formica, impiegata come conservativo del latte, sul contenuto in aminoacidi del formaggio grana$fAlberto Bonomi 210 $aModena-Milano$c...$d1964 215 $a14 p.$d25 cm 225 1 $aRaccolta di memorie$fUniversità degli studi di Torino. Facoltà di scienze agrarie$v373 300 $aEstr. da: Il Latte, n. 1,1964 610 0 $aLatte 676 $a637.1 700 1$aBonomi,$bAlberto$081798 801 0$aIT$bUNINA$gRICA$2UNIMARC 901 $aBK 912 $a990001863840403321 952 $a60 MISC. B 131/373$fFAGBC 959 $aFAGBC 996 $aContributo allo studio dell'influenza esercitata dall'aldeide formica, impiegata come conservativo del latte, sul contenuto in aminoacidi del formaggio grana$9401447 997 $aUNINA LEADER 01130nas 2200397 c 450 001 9910894939303321 005 20260218111110.0 024 8 $aKir3327 024 8 $aVD18 90123123 035 $a(CKB)3790000000122674 035 $a(DE-599)ZDB2640930-6 035 $a(OCoLC)835575598 035 $a(DE-101)1017767742 035 $a(DE-599)2640930-6 035 $a(EXLCZ)993790000000122674 100 $a20111206b17881796 |y | 101 0 $ager 135 $aur||||||||||| 181 $ctxt$2rdacontent 182 $cc$2rdamedia 183 $acr$2rdacarrier 200 00$aMagazin für allgemeine Natur- und Thiergeschichte$fhrsg. von C.F.A. Müller 210 31$aGo?ttingen$aLeipzig$cBrose$d1788-1796 215 $aOnline-Ressource 517 1 $aTiergeschichte 608 $aZeitschrift$2gnd-content 676 $a500 686 $a11$2ssgn 702 $aMu?ller$b Carl Friedrich August$f1777-1837$4ctb 801 0$b0361 801 1$bDE-101 801 2$b9999 906 $aJOURNAL 912 $a9910894939303321 996 $aMagazin fu?r allgemeine Natur- und Thiergeschichte$94262754 997 $aUNINA